00488nam a2200181Ia 4500003000400000005001700004008004100021020001800062040000700080041000800087082002400095100003700119245006400156250000600220260005200226300001500278365001300293OSt20230516095405.0210423s2008 xx 000 0 und d a9788176710596 cAL aeng a574.1925223b PALT aPALMER (Trevor);BONNER (Philip). aEnzymes: biochemistry biotechnology and clinical chemistry. a2 aNew DelhibAffiliated East West Press Ltdc2008 axv,416bHB b495cINR